书目信息 |
| 题名: |
唐诗别裁集
|
|
| 作者: | 沈德潜 选注 | |
| 分册: | 上 | |
| 出版信息: | 上海 上海古籍出版社 1979 |
|
| 页数: | 362页 | |
| 开本: | 20cm | |
| 丛书名: | ||
| 单 册: | ||
| 中图分类: | I222.427 | |
| 科图分类: | ||
| 主题词: | 古体诗--中国--唐代 | |
| 电子资源: | ||
| ISBN: | ||
| 000 | 00592nam0 2200217 45 | |
| 001 | 0179002204 | |
| 005 | 20041213093529.4 | |
| 010 | @dCNY2.70 | |
| 091 | @a10186.32 | |
| 100 | @a19950718d1979 em y0chiy0121 ea | |
| 101 | 0 | @achi |
| 102 | @aCN@b310000 | |
| 105 | @ay z 000gy | |
| 200 | 10 | @a唐诗别裁集@Atang shi bie cai ji@h上@f(清)沈德潜选注@F(Qing)Shen De Qian Xuan Zhu |
| 210 | @a上海@c上海古籍出版社@d1979 | |
| 215 | @a362页@d20cm | |
| 606 | @a古体诗@y中国@x唐代 | |
| 690 | @aI222.427@v3 | |
| 701 | 0 | @a沈德潜@4选注 |
| 801 | 0 | @aCN@bNLC@c20040315 |
| 905 | @dI222.427@e88:1@b32413@f1 | |
| 唐诗别裁集.上/(清)沈德潜选注.-上海:上海古籍出版社,1979 |
| 362页;20cm |
| ISBN :CNY2.70 |
| ● |
| 相关链接 |
|
|
|
|
正题名:唐诗别裁集
索取号:I222.427/88:1
 
预约/预借
| 序号 | 登录号 | 条形码 | 馆藏地/架位号 | 状态 | 备注 |
| 1 | 0008115 | 000966734 | 第二借阅区/ [索取号:I222.427/88:1] | 在馆 | |
| 2 | 0032411 | 001924252 | 密集书库/ [索取号:I222.427/88:1] | 在馆 | |
| 3 | 0032413 | 000967680 | 密集书库/ [索取号:I222.427/88:1] | 在馆 | |
| 4 | 0032414 | 202083039 | 第一样本阅览室/ [索取号:I222.427/88:1] | 在馆 | |
| 5 | 0032415 | 001895024 | 密集书库/ [索取号:I222.427/88:1] | 在馆 |